000 00490nam a22001817a 4500
003 MPLRDC
005 20220104195008.0
008 210129b ||||| |||| 00| 0 eng d
020 _aISSN1511-9165
082 _a050.9 HW v.773
100 _a李光华 执行主编
245 _a号外 V.773 02/2016
_c
250 _a初版
260 _a马来西亚
_b生活杂志 LIFE MAGAZINES
_c2016
300 _b
650 _a期刊--号外周报 SPECIAL WEEKLY
942 _cMGZ
_o050.9 HW v.773
999 _c65958
_d65948